[Event "Olimpiada Calviá 2004"]
[Site "Calviá ESP"]
[Date "2004.10.17"]
[Round "3.19"]
[White "Cyborowski, Lukasz"]
[Black "Lehner, Oliver"]
[Result "1-0"]
[WhiteElo "2564"]
[BlackElo "2420"]
[PlyCount "93"]
[EventDate "2004.10.15"]
[EventType "team"]
[EventRounds "14"]
[EventCountry "ESP"]
[Source "lmi"]
[SourceDate "2004.10.27"]

1. Nf3 Nf6 2. c4 g6 3. g3 Bg7 4. Bg2 O-O 5. O-O c5 6. d4 cxd4 7. Nxd4 Nc6 8.
Nc3 Ng4 9. e3 Nge5 10. b3 d6 11. h3 Bd7 12. Nde2 Na5 13. Bb2 Rb8 14. f4 Nexc4
15. bxc4 Nxc4 16. Bc1 b5 17. Rb1 b4 18. Nd5 a5 19. Qb3 Rc8 20. e4 e6 21. Ne3
Bb5 22. Rf2 Qd7 23. f5 Nxe3 24. Qxe3 exf5 25. Bb2 Bxb2 26. Rxb2 fxe4 27. Qxe4
Bc6 28. Qd4 Rfe8 29. Bxc6 Rxc6 30. Kh2 Rc5 31. Nf4 Qc6 32. Rbd2 Re1 33. Nd5
Rcc1 34. g4 Qc5 35. Nf6+ Kh8 36. Qxc5 Rh1+ 37. Kg3 Rhg1+ 38. Kh4 Rxc5 39. Rxd6
Kg7 40. Rd7 Kh6 41. Ng8+ Kg7 42. Nf6 Kh6 43. g5+ Rcxg5 44. Ng4+ R5xg4+ 45. hxg4
Rh1+ 46. Kg3 Kg5 47. Rd5+ 1-0

[Event "Olimpiada Calviá 2004"]
[Site "Calviá ESP"]
[Date "2004.10.17"]
[Round "3.20"]
[White "Nevednichy, Vladislav"]
[Black "Matamoros Franco, Carlos S"]
[Result "0-1"]
[WhiteElo "2552"]
[BlackElo "2513"]
[PlyCount "55"]
[EventDate "2004.10.15"]
[EventType "team"]
[EventRounds "14"]
[EventCountry "ESP"]
[Source "lmi"]
[SourceDate "2004.10.27"]

1. e4 e6 2. d3 d5 3. Nd2 Nf6 4. Ngf3 c5 5. g3 Nc6 6. Bg2 Be7 7. O-O O-O 8. Re1
b5 9. e5 Nd7 10. h4 a5 11. Nf1 b4 12. h5 Ba6 13. h6 g6 14. N1h2 Re8 15. Ng4 a4
16. a3 bxa3 17. bxa3 Rb8 18. Bf4 Nd4 19. Nxd4 cxd4 20. Bxd5 g5 21. Bd2 exd5 22.
e6 fxe6 23. Rxe6 Nc5 24. Qe2 Qd7 25. Re5 Ne4 26. Re1 Nxd2 27. Qxd2 Qxg4 28. Qa5
0-1

[Event "Olimpiada Calviá 2004"]
[Site "Calviá ESP"]
[Date "2004.10.17"]
[Round "3.20"]
[White "Mieles Palau, Daniel"]
[Black "Marin, Mihail"]
[Result "0-1"]
[WhiteElo "2486"]
[BlackElo "2511"]
[PlyCount "84"]
[EventDate "2004.10.15"]
[EventType "team"]
[EventRounds "14"]
[EventCountry "ESP"]
[Source "lmi"]
[SourceDate "2004.10.27"]

1. e4 d6 2. d4 Nf6 3. Nc3 g6 4. g3 Bg7 5. Bg2 O-O 6. Nge2 e5 7. O-O c6 8. h3 b5
9. a3 Bb7 10. dxe5 dxe5 11. Qxd8 Rxd8 12. Be3 Nbd7 13. Rad1 Bf8 14. Nc1 a5 15.
g4 b4 16. axb4 axb4 17. N3e2 Ba6 18. f3 Nc5 19. b3 Ne6 20. Kf2 Nd7 21. Rd2 Ndc5
22. Rfd1 Rxd2 23. Rxd2 Be7 24. Bf1 Bh4+ 25. Kg2 Bg5 26. Bxg5 Nxg5 27. Rd6 Bb5
28. Ng3 Ra1 29. Rd1 Nce6 30. h4 Nf4+ 31. Kf2 Nge6 32. Bxb5 cxb5 33. Nf1 Nd4 34.
Ne3 Kf8 35. g5 Ke7 36. Rf1 f6 37. gxf6+ Kxf6 38. Rd1 h5 39. Nd3 Rxd1 40. Nxd1
Nxc2 41. Nc5 g5 42. Nd7+ Ke6 0-1

[Event "Olimpiada Calviá 2004"]
[Site "Calviá ESP"]
[Date "2004.10.17"]
[Round "3.20"]
[White "Lupulescu, Constantin"]
[Black "Pazos Gambarrotti, Plinio"]
[Result "1-0"]
[WhiteElo "2560"]
[BlackElo "2400"]
[PlyCount "97"]
[EventDate "2004.10.15"]
[EventType "team"]
[EventRounds "14"]
[EventCountry "ESP"]
[Source "lmi"]
[SourceDate "2004.10.27"]

1. e4 c5 2. Nf3 Nc6 3. d4 cxd4 4. Nxd4 Nf6 5. Nc3 d6 6. Bc4 Qb6 7. Nb3 e6 8.
Bf4 Ne5 9. Be2 Be7 10. Be3 Qc7 11. f4 Nc6 12. O-O a6 13. a4 b6 14. Bd3 Rb8 15.
Qe2 Nb4 16. g4 Nd7 17. g5 Nc5 18. Nd4 e5 19. Nf5 Ne6 20. fxe5 dxe5 21. Nd5 Nxd5
22. exd5 Nxg5 23. Qg2 h6 24. h4 Bxf5 25. Rxf5 g6 26. Rf2 e4 27. hxg5 exd3 28.
gxh6 dxc2 29. Rxc2 Qe5 30. Qf3 Rd8 31. Rd1 O-O 32. h7+ Kxh7 33. Bd4 Bc5 34.
Rxc5 Qg5+ 35. Kf2 Qh4+ 36. Qg3 g5 37. Rcc1 Qxg3+ 38. Kxg3 Rxd5 39. Bxb6 Re5 40.
Re1 Rfe8 41. Rxe5 Rxe5 42. b4 Rd5 43. Kg4 Kg6 44. Rc6+ f6 45. Bc5 a5 46. bxa5
Rf5 47. a6 Rf4+ 48. Kg3 Rxa4 49. a7 1-0

[Event "Olimpiada Calviá 2004"]
[Site "Calviá ESP"]
[Date "2004.10.17"]
[Round "3.20"]
[White "Gonzalez Davila, Richard"]
[Black "Grigore, George-Gabriel"]
[Result "0-1"]
[WhiteElo "2202"]
[BlackElo "2491"]
[PlyCount "56"]
[EventDate "2004.10.15"]
[EventType "team"]
[EventRounds "14"]
[EventCountry "ESP"]
[Source "lmi"]
[SourceDate "2004.10.27"]

1. e4 c5 2. Nf3 Nc6 3. d4 cxd4 4. Nxd4 e5 5. Nb5 d6 6. Bc4 Be6 7. Bd5 Be7 8.
O-O Nf6 9. N1c3 O-O 10. Be3 a6 11. Na3 Rc8 12. Nc4 Bxd5 13. exd5 Nd4 14. Bxd4
Rxc4 15. Be3 Ng4 16. Bd2 f5 17. Qe2 Qc8 18. h3 Nf6 19. Rad1 b5 20. a3 f4 21.
Rfe1 Bd8 22. Qf3 Bb6 23. Re2 Qf5 24. Rde1 Bd4 25. Kh2 Qxc2 26. Bxf4 Qg6 27. Bg3
Bxc3 28. bxc3 Ng4+ 0-1

[Event "Olimpiada Calviá 2004"]
[Site "Calviá ESP"]
[Date "2004.10.17"]
[Round "3.21"]
[White "Yilmaz, Turhan"]
[Black "Morovic, Ivan"]
[Result "1/2-1/2"]
[WhiteElo "2361"]
[BlackElo "2564"]
[PlyCount "38"]
[EventDate "2004.10.15"]
[EventType "team"]
[EventRounds "14"]
[EventCountry "ESP"]
[Source "lmi"]
[SourceDate "2004.10.27"]

1. e4 e5 2. Nf3 Nc6 3. Bb5 a6 4. Bxc6 dxc6 5. O-O f6 6. d4 exd4 7. Nxd4 c5 8.
Nb3 Qxd1 9. Rxd1 Bg4 10. f3 Be6 11. Nc3 Bd6 12. Be3 b6 13. Rd2 Ne7 14. Rad1 Kf7
15. Nc1 Nc6 16. Nd5 Bxd5 17. Rxd5 Rad8 18. Ne2 Rhe8 19. c3 Ne5 1/2-1/2

[Event "Olimpiada Calviá 2004"]
[Site "Calviá ESP"]
[Date "2004.10.17"]
[Round "3.21"]
[White "Vasquez, Rodrigo"]
[Black "Atakisi, Umut"]
[Result "0-1"]
[WhiteElo "2546"]
[BlackElo "2304"]
[PlyCount "96"]
[EventDate "2004.10.15"]
[EventType "team"]
[EventRounds "14"]
[EventCountry "ESP"]
[Source "lmi"]
[SourceDate "2004.10.27"]

1. e4 c5 2. Nf3 Nc6 3. d4 cxd4 4. Nxd4 Nf6 5. Nc3 e5 6. Ndb5 d6 7. Bg5 a6 8.
Na3 b5 9. Bxf6 gxf6 10. Nd5 Bg7 11. Bd3 Ne7 12. Nxe7 Qxe7 13. c4 f5 14. O-O O-O
15. Qf3 d5 16. cxd5 fxe4 17. Bxe4 Rb8 18. Rfd1 Qd7 19. d6 Rb6 20. Qd3 Rd8 21.
Rac1 Bf8 22. Rxc8 Rxc8 23. Bxh7+ Kg7 24. Be4 Rxd6 25. Qg3+ Kh8 26. Qxe5+ Bg7
27. Qh5+ Kg8 28. Rf1 Qe7 29. Bb1 Rd2 30. Qh7+ Kf8 31. Nc2 Re8 32. Ne3 Rxf2 33.
Rxf2 Qxe3 34. Qf5 Qa7 35. Kf1 Re5 36. Qd3 Qe7 37. Qd2 Re6 38. Qc1 Rd6 39. Bf5
Qd8 40. Bg4 Bh6 41. Qc5 Kg8 42. Qh5 Rf6 43. Bf5 Be3 44. Qg4+ Kf8 45. Qb4+ Kg7
46. Rf3 Rxf5 47. Rxf5 Qd1+ 48. Qe1 Qd3+ 0-1

[Event "Olimpiada Calviá 2004"]
[Site "Calviá ESP"]
[Date "2004.10.17"]
[Round "3.21"]
[White "Erturan, Yakup"]
[Black "Castellanos, Renier"]
[Result "0-1"]
[WhiteElo "2281"]
[BlackElo "2449"]
[PlyCount "56"]
[EventDate "2004.10.15"]
[EventType "team"]
[EventRounds "14"]
[EventCountry "ESP"]
[Source "lmi"]
[SourceDate "2004.10.27"]

1. e4 c5 2. Nf3 d6 3. c3 Nf6 4. Bd3 Nc6 5. Bc2 Bg4 6. d3 e6 7. Nbd2 d5 8. Qe2
Qc7 9. h3 Bh5 10. Nf1 Bd6 11. Ba4 Bxf3 12. Qxf3 O-O 13. Bg5 Ne5 14. Qe2 c4 15.
dxc4 Nxe4 16. cxd5 Nxc3 17. Qc2 Nxa4 18. Qxa4 Bb4+ 19. Nd2 Nd3+ 20. Ke2 Nf4+
21. Kf3 Nxd5 22. Rhd1 Qe5 23. h4 h6 24. Be3 Qxb2 25. Nc4 Qf6+ 26. Kg3 Be7 27.
Rd4 a6 28. Nd2 Bd6+ 0-1

[Event "Olimpiada Calviá 2004"]
[Site "Calviá ESP"]
[Date "2004.10.17"]
[Round "3.21"]
[White "Dobson Aguilar, Luis F"]
[Black "Karadeniz, Emre"]
[Result "1/2-1/2"]
[WhiteElo "2309"]
[BlackElo "2310"]
[PlyCount "99"]
[EventDate "2004.10.15"]
[EventType "team"]
[EventRounds "14"]
[EventCountry "ESP"]
[Source "lmi"]
[SourceDate "2004.10.27"]

1. e4 e6 2. d4 d5 3. e5 c5 4. c3 Nc6 5. Nf3 Bd7 6. a3 a5 7. b3 Nge7 8. Bd3 cxd4
9. cxd4 Nf5 10. Bb2 Qb6 11. Bxf5 exf5 12. Nc3 Be6 13. O-O Be7 14. Rc1 Rc8 15.
Na4 Qb5 16. Nc5 O-O 17. Re1 Rc7 18. Re3 Rfc8 19. Rec3 Nb8 20. Qf1 Qxf1+ 21.
Kxf1 b6 22. Na4 Rxc3 23. Rxc3 Rxc3 24. Nxc3 Kf8 25. Ke2 Ke8 26. Na4 Nd7 27. Ne1
f4 28. Nd3 g5 29. h4 h6 30. hxg5 hxg5 31. Nc3 Kd8 32. b4 Kc7 33. b5 Nf8 34. g3
fxg3 35. fxg3 Kd7 36. Kf3 Ng6 37. Nf2 f5 38. exf6 Bxf6 39. Na4 Bd8 40. Ng4 Bf5
41. Nc3 Ke6 42. Ne3 Ne7 43. a4 Bc7 44. Bc1 Bd6 45. g4 Bd3 46. Ned1 Kf6 47. Ne3
Ke6 48. Ned1 Kf6 49. Nf2 Bf1 50. Nfd1 1/2-1/2

[Event "Olimpiada Calviá 2004"]
[Site "Calviá ESP"]
[Date "2004.10.17"]
[Round "3.22"]
[White "Baburin, Alexander"]
[Black "Galego, Luis"]
[Result "1/2-1/2"]
[WhiteElo "2527"]
[BlackElo "2515"]
[PlyCount "74"]
[EventDate "2004.10.15"]
[EventType "team"]
[EventRounds "14"]
[EventCountry "ESP"]
[Source "lmi"]
[SourceDate "2004.10.27"]

1. d4 d6 2. g3 Nf6 3. Bg2 c6 4. e4 Nbd7 5. Ne2 e5 6. O-O Be7 7. c4 O-O 8. Nbc3
a6 9. a4 a5 10. h3 Re8 11. Be3 exd4 12. Nxd4 Bf8 13. Qc2 Nc5 14. Rfe1 Qb6 15.
f4 g6 16. Bf2 Qc7 17. Rad1 Na6 18. Rd2 Nb4 19. Qd1 Nd7 20. Nf3 b6 21. e5 dxe5
22. Ne4 Bg7 23. fxe5 Re7 24. g4 h6 25. Bg3 Qa7 26. Kh2 Nf8 27. Nf6+ Kh8 28. b3
Be6 29. Rd8 Rc7 30. Rxa8 Qxa8 31. Qd6 Rc8 32. Rd1 Nh7 33. Qd2 Qa7 34. Nd4 Qe7
35. Nxe6 Qxe6 36. Nxh7 Kxh7 37. Qd6 Re8 1/2-1/2

[Event "Olimpiada Calviá 2004"]
[Site "Calviá ESP"]
[Date "2004.10.17"]
[Round "3.22"]
[White "Rocha, Sergio"]
[Black "Kelly, Brian"]
[Result "0-1"]
[WhiteElo "2431"]
[BlackElo "2494"]
[PlyCount "98"]
[EventDate "2004.10.15"]
[EventType "team"]
[EventRounds "14"]
[EventCountry "ESP"]
[Source "lmi"]
[SourceDate "2004.10.27"]

1. e4 e6 2. d4 d5 3. Nc3 Bb4 4. e5 Ne7 5. Qg4 c5 6. a3 Bxc3+ 7. bxc3 Kf8 8. a4
Qc7 9. Bd2 b6 10. a5 Ba6 11. Bxa6 Nxa6 12. Qe2 Qb7 13. Nh3 b5 14. Nf4 Rc8 15.
Rb1 Nc7 16. Nh5 a6 17. Bc1 Ne8 18. Ba3 cxd4 19. cxd4 Rc4 20. Bc5 Kg8 21. O-O
Qc7 22. Rb3 h6 23. Rg3 Nf5 24. Rd3 g6 25. g4 Nfg7 26. Nf4 h5 27. h3 Qd8 28. Ng2
hxg4 29. hxg4 Qg5 30. f4 Qh6 31. Be7 Qh2+ 32. Kf2 Nc7 33. Rfd1 Rh3 34. Rxh3
Qxh3 35. Rd3 Qh1 36. c3 Ra4 37. Rd1 Qh3 38. Bb4 Nce8 39. Rd3 Qh1 40. Rd1 Qh3
41. Rd3 Qh2 42. Rg3 Ra1 43. Kf3 Qh1 44. Ke3 f5 45. g5 Nh5 46. Rf3 Qc1+ 47. Kd3
Qb1+ 48. Qc2 Qxc2+ 49. Kxc2 Ra2+ 0-1

[Event "Olimpiada Calviá 2004"]
[Site "Calviá ESP"]
[Date "2004.10.17"]
[Round "3.22"]
[White "Vitor, Antonio"]
[Black "Collins, Sam E"]
[Result "1/2-1/2"]
[WhiteElo "2319"]
[BlackElo "2387"]
[PlyCount "82"]
[EventDate "2004.10.15"]
[EventType "team"]
[EventRounds "14"]
[EventCountry "ESP"]
[Source "lmi"]
[SourceDate "2004.10.27"]

1. c4 Nf6 2. Nc3 e5 3. Nf3 Nc6 4. e4 h6 5. Be2 Bb4 6. d3 O-O 7. O-O Re8 8. Be3
Bf8 9. h3 d6 10. Qc2 Bd7 11. Rfe1 Ne7 12. d4 Ng6 13. Bf1 Nh5 14. Rad1 Qc8 15.
Kh2 c6 16. a3 Qc7 17. Kh1 Rad8 18. b4 Be7 19. Rd2 Nhf4 20. Ne2 a6 21. dxe5 dxe5
22. c5 Be6 23. Ng3 Nh4 24. Nxh4 Rxd2 25. Bxd2 Bxh4 26. Be3 Rd8 27. Rd1 Rd7 28.
Rxd7 Qxd7 29. Qd2 Qxd2 30. Bxd2 Bg5 31. Bc3 Bf6 32. Nf5 Bxf5 33. exf5 Nd5 34.
Bb2 Ne7 35. g4 Nd5 36. Kh2 Kf8 37. Bc4 Ke7 38. Kg3 Kd7 39. Bb3 Ke7 40. Bc4 Kd7
41. Bb3 Ke7 1/2-1/2

[Event "Olimpiada Calviá 2004"]
[Site "Calviá ESP"]
[Date "2004.10.17"]
[Round "3.24"]
[White "Ruck, Robert"]
[Black "Van Beers, Eddy"]
[Result "1-0"]
[WhiteElo "2562"]
[BlackElo "2383"]
[PlyCount "91"]
[EventDate "2004.10.15"]
[EventType "team"]
[EventRounds "14"]
[EventCountry "ESP"]
[Source "lmi"]
[SourceDate "2004.10.27"]

1. c4 e5 2. g3 Nf6 3. Bg2 c6 4. d4 exd4 5. Qxd4 d5 6. cxd5 cxd5 7. Nf3 Be7 8.
O-O O-O 9. Be3 Nc6 10. Qa4 Be6 11. Nc3 Qd7 12. Rfd1 Rfd8 13. Rac1 h6 14. Rd2
Ng4 15. Bd4 Nxd4 16. Nxd4 Qxa4 17. Nxa4 Bg5 18. f4 Rac8 19. Rxc8 Rxc8 20. Nc3
Bf6 21. Bh3 h5 22. Bxg4 hxg4 23. Kf2 g6 24. Nd1 Rc4 25. Nxe6 fxe6 26. b3 Rd4
27. Rxd4 Bxd4+ 28. e3 Bg7 29. Ke2 e5 30. fxe5 Bxe5 31. Nf2 Kf7 32. Nxg4 Bc7 33.
Kf3 Ke6 34. h4 a5 35. Nf2 d4 36. exd4 Kd5 37. Nd3 Kxd4 38. Nf4 Be5 39. Nxg6 Bg7
40. g4 Kc3 41. g5 Kb2 42. h5 Kxa2 43. h6 Bc3 44. Nf4 Kxb3 45. g6 a4 46. g7 1-0

[Event "Olimpiada Calviá 2004"]
[Site "Calviá ESP"]
[Date "2004.10.17"]
[Round "3.24"]
[White "Laurent, Bruno"]
[Black "Acs, Peter"]
[Result "1/2-1/2"]
[WhiteElo "2335"]
[BlackElo "2521"]
[PlyCount "46"]
[EventDate "2004.10.15"]
[EventType "team"]
[EventRounds "14"]
[EventCountry "ESP"]
[Source "lmi"]
[SourceDate "2004.10.27"]

1. d4 d5 2. c4 dxc4 3. Nf3 Nf6 4. e3 e6 5. Bxc4 a6 6. O-O c5 7. dxc5 Qxd1 8.
Rxd1 Bxc5 9. Be2 Nbd7 10. b3 b5 11. a4 b4 12. Bb2 Bb7 13. Nbd2 O-O 14. Rac1
Rac8 15. Nc4 Bd5 16. Ne1 Be7 17. f3 Bc5 18. Kf2 Ba7 19. Na5 Nc5 20. Bd4 Rc7 21.
Be5 Rcc8 22. Bd4 Rc7 23. Be5 Rcc8 1/2-1/2

[Event "Olimpiada Calviá 2004"]
[Site "Calviá ESP"]
[Date "2004.10.17"]
[Round "3.25"]
[White "Nguyen, Anh Dung"]
[Black "Roselli Mailhe, Bernardo"]
[Result "1-0"]
[WhiteElo "2567"]
[BlackElo "2405"]
[PlyCount "105"]
[EventDate "2004.10.15"]
[EventType "team"]
[EventRounds "14"]
[EventCountry "ESP"]
[Source "lmi"]
[SourceDate "2004.10.27"]

1. e4 e5 2. Nf3 Nc6 3. Bb5 a6 4. Ba4 Nf6 5. O-O Be7 6. Re1 b5 7. Bb3 d6 8. c3
O-O 9. h3 h6 10. d4 Re8 11. Nbd2 Bf8 12. Nf1 Bd7 13. Ng3 Na5 14. Bc2 Nc4 15. a4
c5 16. axb5 axb5 17. Rxa8 Qxa8 18. Nh4 g6 19. b3 Nb6 20. Nf3 Bc6 21. d5 Bb7 22.
Be3 Nbd7 23. Qc1 Kh7 24. Bd3 Ba6 25. Re2 Qb7 26. Ra2 Nb8 27. Qf1 Nfd7 28. Nd2
Bg7 29. Kh2 Rc8 30. Be2 Re8 31. Nb1 Bf8 32. Na3 b4 33. Bxa6 Nxa6 34. Nc2 Ndb8
35. cxb4 Nxb4 36. Nxb4 Qxb4 37. Qd3 Re7 38. Ra4 Qb7 39. Nf1 Nd7 40. Nd2 Nb6 41.
Ra2 Rc7 42. Qf1 f5 43. f3 f4 44. Bf2 Kg7 45. Ra6 Nc8 46. Qa1 Qb8 47. Ra8 Qb7
48. Ra3 Nb6 49. Ra6 Be7 50. b4 Bf6 51. bxc5 dxc5 52. d6 Rd7 53. Nb3 1-0

[Event "Olimpiada Calviá 2004"]
[Site "Calviá ESP"]
[Date "2004.10.17"]
[Round "3.25"]
[White "Curi, Gabriel"]
[Black "Dinh, Duc Trong"]
[Result "1/2-1/2"]
[WhiteElo "2264"]
[BlackElo "2392"]
[PlyCount "69"]
[EventDate "2004.10.15"]
[EventType "team"]
[EventRounds "14"]
[EventCountry "ESP"]
[Source "lmi"]
[SourceDate "2004.10.27"]

1. e4 g6 2. d4 c6 3. Nc3 d5 4. e5 h5 5. Bg5 Nh6 6. Qd2 Bg7 7. O-O-O Nd7 8. e6
fxe6 9. Bd3 Nf5 10. Nf3 e5 11. Nxe5 Nxe5 12. dxe5 d4 13. Ne2 Qd5 14. Kb1 Be6
15. b3 Bxe5 16. Rhe1 O-O-O 17. Nf4 Bxf4 18. Bxf4 Bd7 19. Re5 Qxg2 20. Qa5 g5
21. Bxf5 gxf4 22. Rxe7 Qd5 23. Qxd5 cxd5 24. Rxd7 Rxd7 25. Rxd4 Kc7 26. Bxd7
Kxd7 27. Rxd5+ Ke6 28. Rb5 b6 29. Kc1 h4 30. Kd2 Rg8 31. Rh5 Rg2 32. Ke2 Rxh2
33. Kf3 Rh3+ 34. Kxf4 Rc3 35. Rxh4 1/2-1/2

[Event "Olimpiada Calviá 2004"]
[Site "Calviá ESP"]
[Date "2004.10.17"]
[Round "3.26"]
[White "Dervishi, Erald"]
[Black "Aleksandrov, Aleksej"]
[Result "0-1"]
[WhiteElo "2502"]
[BlackElo "2659"]
[PlyCount "102"]
[EventDate "2004.10.15"]
[EventType "team"]
[EventRounds "14"]
[EventCountry "ESP"]
[Source "lmi"]
[SourceDate "2004.10.27"]

1. e4 e5 2. Nf3 Nc6 3. Bb5 Nf6 4. O-O Nxe4 5. d4 Nd6 6. Bxc6 dxc6 7. dxe5 Nf5
8. Qxd8+ Kxd8 9. Nc3 Ne7 10. Ne4 Ng6 11. h3 Bd7 12. Re1 Kc8 13. Bd2 h6 14. Rad1
a5 15. Ng3 c5 16. Nh5 Bf5 17. c4 Be6 18. Re4 a4 19. Bc3 c6 20. g4 b5 21. cxb5
cxb5 22. a3 Ra7 23. Ne1 Ne7 24. f4 Bd5 25. Re2 Bb3 26. Rc1 Nd5 27. f5 Rg8 28.
Ng2 Nxc3 29. Rxc3 Rc7 30. e6 fxe6 31. fxe6 Be7 32. Ngf4 b4 33. axb4 cxb4 34.
Rxb3 axb3 35. Nd5 Rc1+ 36. Kg2 Kd8 37. Re4 Rc2+ 38. Kg3 Bd6+ 39. Nhf4 g5 40.
e7+ Bxe7 41. Ne6+ Kd7 42. Nxe7 Kxe7 43. Nxg5+ Kd7 44. Nf3 Rxb2 45. Rxb4 Rc8 46.
h4 Rc3 47. g5 hxg5 48. hxg5 Rb1 49. g6 Rf1 50. Rb7+ Kc6 51. Rf7 b2 0-1

[Event "Olimpiada Calviá 2004"]
[Site "Calviá ESP"]
[Date "2004.10.17"]
[Round "3.26"]
[White "Karkanaqe, Ilir"]
[Black "Azarov, Sergei"]
[Result "1/2-1/2"]
[WhiteElo "2382"]
[BlackElo "2556"]
[PlyCount "102"]
[EventDate "2004.10.15"]
[EventType "team"]
[EventRounds "14"]
[EventCountry "ESP"]
[Source "lmi"]
[SourceDate "2004.10.27"]

1. Nf3 Nf6 2. c4 e6 3. g3 b6 4. Bg2 Bb7 5. O-O Be7 6. d4 O-O 7. Nc3 d5 8. Ne5
c6 9. Qa4 a6 10. cxd5 cxd5 11. Bg5 b5 12. Qb3 Nc6 13. Nxc6 Bxc6 14. Rfc1 Rc8
15. Qd1 Qd7 16. e3 b4 17. Ne2 Ba4 18. Qe1 Bb5 19. Nf4 a5 20. Qd1 h6 21. Bxf6
Bxf6 22. Rxc8 Rxc8 23. Rc1 Rxc1 24. Qxc1 g5 25. Nh5 Be7 26. Bf1 Bxf1 27. Qxf1
Qc6 28. Qd1 a4 29. h4 Kf8 30. hxg5 hxg5 31. Kg2 f6 32. g4 Qc4 33. b3 axb3 34.
axb3 Qc8 35. Qd3 f5 36. gxf5 exf5 37. Ng3 f4 38. Qf5+ Qxf5 39. Nxf5 fxe3 40.
fxe3 Bf6 41. Kf3 Kf7 42. Kg4 Kg6 43. Ng3 Be7 44. Ne2 Bd6 45. Ng1 Bf8 46. Nf3
Be7 47. Ne5+ Kf6 48. Nd7+ Ke6 49. Ne5 Kf6 50. Nf3 Kg6 51. Ne5+ Kf6 1/2-1/2

[Event "Olimpiada Calviá 2004"]
[Site "Calviá ESP"]
[Date "2004.10.17"]
[Round "3.27"]
[White "Belkhodja, Slim"]
[Black "Stefansson, Hannes"]
[Result "1/2-1/2"]
[WhiteElo "2478"]
[BlackElo "2549"]
[PlyCount "66"]
[EventDate "2004.10.15"]
[EventType "team"]
[EventRounds "14"]
[EventCountry "ESP"]
[Source "lmi"]
[SourceDate "2004.10.27"]

1. e4 e5 2. Nf3 Nc6 3. Bb5 Nf6 4. O-O Nxe4 5. Re1 Nd6 6. Nc3 Nxb5 7. Nxe5 Be7
8. Nxb5 Nxe5 9. Rxe5 d6 10. Re1 O-O 11. d4 c6 12. Nc3 d5 13. Bf4 Bf5 14. Qd2
Qd7 15. Re2 Rfe8 16. Rae1 Bf8 17. Nd1 Bg6 18. c3 f6 19. f3 Qf5 20. g4 Rxe2 21.
Rxe2 Qd7 22. Nf2 b6 23. Bg3 c5 24. Kg2 Rd8 25. Nd3 cxd4 26. cxd4 Rc8 27. Nf4
Bf7 28. h4 Qa4 29. b3 Qb4 30. Qd3 Qc3 31. Qf5 Qc6 32. h5 a5 33. Ng6 Bb4 1/2-1/2

[Event "Olimpiada Calviá 2004"]
[Site "Calviá ESP"]
[Date "2004.10.17"]
[Round "3.27"]
[White "Olafsson, Helgi"]
[Black "Doghri, Nabil"]
[Result "0-1"]
[WhiteElo "2531"]
[BlackElo "2309"]
[PlyCount "78"]
[EventDate "2004.10.15"]
[EventType "team"]
[EventRounds "14"]
[EventCountry "ESP"]
[Source "lmi"]
[SourceDate "2004.10.27"]

1. d4 d5 2. Nf3 Nf6 3. c4 e6 4. Bg5 h6 5. Bxf6 Qxf6 6. Nc3 c6 7. e4 dxe4 8.
Nxe4 Bb4+ 9. Ke2 Qe7 10. c5 O-O 11. Qa4 a5 12. a3 e5 13. Nxe5 f6 14. axb4 fxe5
15. Kd1 exd4 16. Bc4+ Kh8 17. Re1 Qh4 18. h3 Bf5 19. f3 Nd7 20. bxa5 Rae8 21.
Bd3 Nxc5 22. Qc4 Bxe4 23. fxe4 Nxe4 24. Bxe4 Rxe4 25. Rxe4 Qxe4 26. Qe2 Qg6 27.
Kd2 Qg5+ 28. Kc2 Qg6+ 29. Kb3 Re8 30. Qc4 Qg3+ 31. Ka2 Ra8 32. Qc5 Qxg2 33. Rd1
Qxh3 34. Rxd4 Qe6+ 35. Ka3 Qe1 36. b4 Re8 37. Rd3 Qa1+ 38. Kb3 Qb1+ 39. Kc4
Qc2+ 0-1

[Event "Olimpiada Calviá 2004"]
[Site "Calviá ESP"]
[Date "2004.10.17"]
[Round "3.27"]
[White "Bouaziz, Slim"]
[Black "Thorhallsson, Throstur"]
[Result "1/2-1/2"]
[WhiteElo "2341"]
[BlackElo "2460"]
[PlyCount "51"]
[EventDate "2004.10.15"]
[EventType "team"]
[EventRounds "14"]
[EventCountry "ESP"]
[Source "lmi"]
[SourceDate "2004.10.27"]

1. e4 c5 2. Nf3 d6 3. c3 Nf6 4. Be2 Nc6 5. d4 cxd4 6. cxd4 d5 7. e5 Ne4 8. O-O
e6 9. Be3 f5 10. exf6 Nxf6 11. Bf4 Bd6 12. Bxd6 Qxd6 13. Nc3 O-O 14. Bb5 Ng4
15. h3 Rxf3 16. hxg4 Rf6 17. g3 Bd7 18. Bxc6 bxc6 19. Na4 e5 20. dxe5 Qxe5 21.
Nc5 Be8 22. Qd2 Rg6 23. Rfe1 Qd6 24. Qd4 Bd7 25. g5 Rf8 26. Re5 1/2-1/2

[Event "Olimpiada Calviá 2004"]
[Site "Calviá ESP"]
[Date "2004.10.17"]
[Round "3.27"]
[White "Gunnarsson, Arnar"]
[Black "Chikhaoui, Walid"]
[Result "1-0"]
[WhiteElo "2437"]
[BlackElo "2324"]
[PlyCount "67"]
[EventDate "2004.10.15"]
[EventType "team"]
[EventRounds "14"]
[EventCountry "ESP"]
[Source "lmi"]
[SourceDate "2004.10.27"]

1. c4 Nf6 2. Nc3 g6 3. g3 Bg7 4. Bg2 O-O 5. Nf3 d6 6. O-O c5 7. d3 Nc6 8. Bd2
a6 9. Qc1 Re8 10. Bh6 Bh8 11. h3 Rb8 12. Nh4 Nd4 13. e3 Nf5 14. Nxf5 Bxf5 15.
e4 Bd7 16. a4 b5 17. e5 dxe5 18. axb5 axb5 19. Nxb5 Qb6 20. b4 Bxb5 21. bxc5
Qxc5 22. Be3 Qd6 23. cxb5 Rec8 24. Qb1 Nd5 25. Ra6 Qd7 26. Bxd5 Qxd5 27. b6 Bf6
28. Rc1 Rxc1+ 29. Qxc1 e4 30. dxe4 Qxe4 31. Qc7 Be5 32. Qxe7 Qd5 33. Ra7 Kg7
34. Rd7 1-0

[Event "Olimpiada Calviá 2004"]
[Site "Calviá ESP"]
[Date "2004.10.17"]
[Round "3.28"]
[White "Bachmann, Axel"]
[Black "Johansen, Darryl K"]
[Result "1/2-1/2"]
[WhiteElo "2282"]
[BlackElo "2483"]
[PlyCount "34"]
[EventDate "2004.10.15"]
[EventType "team"]
[EventRounds "14"]
[EventCountry "ESP"]
[Source "lmi"]
[SourceDate "2004.10.27"]

1. e4 Nc6 2. Nf3 d6 3. d4 Nf6 4. Nc3 Bg4 5. Bb5 a6 6. Bxc6+ bxc6 7. h3 Bh5 8.
Bg5 e6 9. g4 Bg6 10. Qe2 Be7 11. O-O-O Nxe4 12. Nxe4 Bxe4 13. Bxe7 Bxf3 14.
Qxf3 Kxe7 15. Qxc6 d5 16. c4 Qd6 17. Qxd6+ Kxd6 1/2-1/2

[Event "Olimpiada Calviá 2004"]
[Site "Calviá ESP"]
[Date "2004.10.17"]
[Round "3.28"]
[White "Ferreira, Oscar"]
[Black "Solomon, Stephen J"]
[Result "0-1"]
[WhiteElo "2284"]
[BlackElo "2435"]
[PlyCount "102"]
[EventDate "2004.10.15"]
[EventType "team"]
[EventRounds "14"]
[EventCountry "ESP"]
[Source "lmi"]
[SourceDate "2004.10.27"]

1. Nf3 d5 2. d4 c6 3. e3 Bf5 4. Bd3 e6 5. O-O Nd7 6. c4 Bxd3 7. Qxd3 Ngf6 8.
Nc3 dxc4 9. Qxc4 Bd6 10. e4 e5 11. Bg5 h6 12. Bh4 Qe7 13. Rad1 O-O 14. Rfe1
Rfe8 15. Bg3 Nh5 16. Nh4 Nxg3 17. hxg3 Nb6 18. Qb3 exd4 19. Rxd4 Bc5 20. Rd3
Qe5 21. Red1 Qf6 22. Rf3 Qe6 23. Qxe6 Rxe6 24. Kf1 Nc4 25. Rfd3 Nxb2 26. Rd8+
Rxd8 27. Rxd8+ Kh7 28. Rd7 Re7 29. Rxe7 Bxe7 30. Nf5 Bb4 31. Nb1 Nd3 32. f4 Bc5
33. Nd2 g6 34. Nh4 Bf2 35. Ke2 Bxg3 36. Kxd3 Bxh4 37. Nc4 Bd8 38. Nd6 b6 39. e5
Kg7 40. Nc8 a6 41. Na7 c5 42. Nc6 Bc7 43. Ne7 b5 44. Nd5 Ba5 45. Ke4 h5 46. f5
gxf5+ 47. Kxf5 c4 48. Nf6 c3 49. Nxh5+ Kf8 50. Nf4 c2 51. Nd3 Ke7 0-1